| 000 | 00361nam a2200145Ia 4500 | ||
|---|---|---|---|
| 008 | 210210b1964 xxu||||| |||| 00| 0 eng d | ||
| 082 | _a823.0876 ASIR | ||
| 100 | _aASIMOV (Issac). | ||
| 245 | _aRest of the robots. | ||
| 260 |
_aN Y _bGranada Publishing _c1964 |
||
| 300 | _a223 | ||
| 650 | _aAsimov Robots | ||
| 690 | _aScience Fiction | ||
| 906 | _aSG01869 | ||
| 999 |
_c113161 _d113161 |
||